000 01085nam a2200253 a 4500
001 49679
003 BD-RjUL
005 20211209054719.0
008 160822s1965 enk 001 0 eng d
035 _a(BD-RjUL)49799
040 _aNZOC
_beng
_cNZOC
_dNZOC
041 _aeng
082 _a368.3
_bFIA 1965
100 1 _aFisher, H. F.
_9148959
245 1 0 _aActuarial practice of life assurance :
_ba text-book for actuarial students /
_cby H.F. Fisher and J. Young.
260 _aCambridge :
_bPublished for the Institute of Actuaries and the Faculty of Actuaries at the University Press,
_c1965.
300 _aviii, 450 p. ;
_c22 cm.
500 _aIncludes index.
500 _a"This volume forms part of a series of text-books published under the authority of the Institute of Actuaries and the Faculty of Actuaries in Scotland and is designed to meet the needs of students preparing for the actuarial examinations"--Opp. t.p.
650 0 _aLife insurance
_zGreat Britain.
_9142197
650 0 _aActuaries
_xMathematics
_9148960
700 1 _aYoung, J.
_9148961
942 _2ddc
_cBK
999 _c49679
_d49679